El Leviathan criollo: estatismo y sociedad en la América Latina contemporánea

Na minha lista:
Detalhes bibliográficos
Autor principal: Kaplan, Marcos
Formato: Texto
Publicado em: México :
Tags: Adicionar Tag
Sem tags, seja o primeiro a adicionar uma tag!

MARC

LEADER 00000 a a2200000 04500
001 16169
003
040
090 |a SO.0001 C749c  
100 |a Kaplan, Marcos  
245 |a El Leviathan criollo: estatismo y sociedad en la América Latina contemporánea  
260 |a México :  
300 |a 65 p.  
999 |c 14071  |d 14071